000 00504nam a2200097Ia 4500
008 220216s9999 xx 000 0 und d
100 _aValdez L G
_cet al
245 2 _aA benchmark survey on rubber growing in Mindanao
260 _bSustainability of the NR Industry: Issues, Challenges & Opportunities: International Rubber Conference, 21-22 November 2016, Cambodian Rubber Research Institute (CRRI) and International Rubber Research and Development Board (IRRDB), Siem Reap, Cambodia, pp.444.
942 _cJS
999 _c53260
_d53260